000 00638nam a22002417a 4500
003 UA-OsUOA
001 26013
007 ta
008 20040507b un ||||| |||| 00| 0 ukr d
090 _a378.1(477)
_bС91
942 _cBK
040 _aUA-OsUOA
_bukr
_cUA-OsUOA
_dUA-OsUOA
245 _aСучасніі системи вищої освіти
_bПорівняння для України
_cРец. В.Горський
300 _a290 с.
955 _a0
041 _aukr
080 _a378.1(477)
020 _a966-518-070-3
260 _aКиїв
_bКМ Akademia
_c1997
044 _aUA
650 7 _2UDC
999 _c312321
_d312321